Android (Record no. 13271)

MARC details
000 -LEADER
fixed length control field 00352nam a22001577a 4500
003 - CONTROL NUMBER IDENTIFIER
control field OSt
008 - FIXED-LENGTH DATA ELEMENTS--GENERAL INFORMATION
fixed length control field 250411b |||||||| |||| 00| 0 eng d
020 ## - INTERNATIONAL STANDARD BOOK NUMBER
International Standard Book Number 9789325977884
082 ## - DEWEY DECIMAL CLASSIFICATION NUMBER
Classification number 005.268 DIA
100 ## - MAIN ENTRY--PERSONAL NAME
Personal name DIXIT,Prasanna Kumar
245 ## - TITLE STATEMENT
Title Android
260 ## - PUBLICATION, DISTRIBUTION, ETC. (IMPRINT)
Place of publication, distribution, etc New Delhi
Name of publisher, distributor, etc Cengage
Date of publication, distribution, etc 2023
300 ## - PHYSICAL DESCRIPTION
Extent 283
650 ## - SUBJECT ADDED ENTRY--TOPICAL TERM
Topical term or geographic name as entry element Android
942 ## - ADDED ENTRY ELEMENTS (KOHA)
Source of classification or shelving scheme Dewey Decimal Classification
Koha item type Text Books
Holdings
Withdrawn status Lost status Source of classification or shelving scheme Damaged status Not for loan Collection code Home library Current library Date acquired Source of acquisition Currency Cost, normal purchase price Bill Number Total Checkouts Full call number Acc. no. / Barcode Date last seen Actual Cost, discounted price Bill Date Koha item type Checked out Date last borrowed
    Dewey Decimal Classification     MCA PIET C-LIBRARY PIET C-LIBRARY 04/04/2025 Zaffa Books INR 450.00 ZBD0014   005.268 DIA 39153 11/04/2025 310.50 04/04/2025 Reference Books    
    Dewey Decimal Classification     MCA PIET C-LIBRARY PIET C-LIBRARY 04/04/2025 Zaffa Books INR 450.00 ZBD0014 1 005.268 DIA 39154 14/02/2026 310.50 04/04/2025 Text Books 02/09/2026 14/02/2026

Design & Developed by: PIET Central Library
R70 Miles Stone Pattikalyana Samalkha Panipat 132102
mail ID :- [email protected], Phone No:- 0180-2569700 Ex.216